Lowest Capital Cities A-Z - Statistics

General Stats
  • This quiz has been taken 14 times
  • The average score is 9 of 24
Answer Stats
Letter Capital City Elevation (m) % Correct
A Amsterdam -2
75%
M Monaco / Male / Monrovia 0
75%
Q Quito 2850
75%
Z Zagreb 130
67%
B Baku -28
58%
K Kingstown 0
58%
I Islamabad 507
50%
J Jakarta 3
50%
U Ulaanbaatar 1350
50%
F Freetown 76
42%
S Singapore / Saint John's / Santo Domingo / Suva 0
42%
G Georgetown 0
33%
H Havana 4
33%
O Oslo 12
33%
C Conakry 0
25%
D Djibouti 0
25%
W Washington DC 2
25%
N Nuku'alofa 0
17%
P Panama City / Port of Spain / Praia / Port Vila 0
17%
R Roseau 0
17%
T Tunis 0
17%
V Victoria / Vaiaku 0
17%
Y Yaren 9
17%
L Libreville 0
0%
No matching quizzes found
Score Distribution
Percent of People with Each Score
Percentile by Number Answered
Your Score History
You have not taken this quiz